[Event "FRA-ch U26"]
[Site "Bastia"]
[Date "2024.04.06"]
[Round "3"]
[White "Destic, Elena"]
[Black "Cahen, Alexis"]
[Result "0-1"]
[WhiteElo "1946"]
[BlackElo "2060"]
[PlyCount "90"]
[EventDate "2024.04.06"]
[EventType "swiss"]
[EventRounds "9"]
[EventCountry "FRA"]
[SourceTitle "CB16_2024"]
[SourceDate "2024.04.17"]
[SourceVersion "1"]
[SourceVersionDate "2024.04.17"]
[SourceQuality "1"]

1. e4 c5 2. Nf3 d6 3. c3 Nf6 4. h3 Nc6 5. Bd3 c4 6. Bxc4 Nxe4 7. d4 d5 8. Bd3 Nf6 9. 0-0 e6 10. Re1 Bd6 11. Nbd2 Qc7 12. Nf1 0-0 13. Qe2 Nd7 14. Ne3 Nb6 15. Bd2 e5 16. dxe5 Nxe5 17. Nxe5 Bxe5 18. Nf5 Bxf5 19. Bxf5 Nc4 20. Be3 g6 21. Bd3 b5 22. Bd4 Rfe8 23. Bxe5 Rxe5 24. Qc2 Rae8 25. Rxe5 Rxe5 26. b3 Nd6 27. Qd2 Qe7 28. Rd1 a6 29. Kf1 Qe6 30. f4 Ne4 31. Bxe4 Rxe4 32. Qxd5 Re1+ 33. Rxe1 Qxd5 34. Kf2 Qd2+ 35. Re2 Qxf4+ 36. Ke1 Qc1+ 37. Kf2 Qxc3 38. Re3 Qa5 39. Re2 h5 40. Kf3 Kg7 41. Kf2 Qa3 42. Rd2 a5 43. Re2 h4 44. Rc2 g5 45. Kf3 Qd6 0-1

[Event "EU-Cup 38th"]
[Site "Durres"]
[Date "2023.10.05"]
[Round "5.3"]
[White "Cahen, Alexis"]
[Black "Boogaard, Sander"]
[Result "1-0"]
[WhiteElo "2049"]
[BlackElo "2118"]
[PlyCount "157"]
[EventDate "2023.10.01"]
[EventType "team-swiss"]
[EventRounds "7"]
[EventCountry "ALB"]
[SourceTitle "EXT 2024"]
[Source "ChessBase"]
[SourceDate "2023.10.10"]
[SourceVersion "1"]
[SourceVersionDate "2023.10.10"]
[SourceQuality "1"]
[WhiteTeam "Differdange"]
[BlackTeam "Paul Keres II"]
[WhiteTeamCountry "LUX"]
[BlackTeamCountry "NED"]

1. d4 Nf6 2. c4 e6 3. Nf3 c5 4. d5 b5 5. a4 b4 6. Nbd2 exd5 7. cxd5 d6 8. e4 Be7 9. Bb5+ Bd7 10. Bd3 Bg4 11. b3 0-0 12. Bb2 Nfd7 13. Nc4 Bf6 14. Ra2 Bxb2 15. Rxb2 Qf6 16. h3 Bxf3 17. Qxf3 Qc3+ 18. Rd2 Ne5 19. Nxe5 Qxe5 20. 0-0 Nd7 21. Bb5 Nf6 22. Re1 a6 23. Bc6 Ra7 24. Qe3 Nh5 25. g3 g5 26. Rf1 Re7 27. Re2 Kh8 28. Kh2 Rg8 29. a5 Nf6 30. Rfe1 Rg6 31. f4 gxf4 32. Qxf4 Qd4 33. e5 Rxe5 34. Rxe5 dxe5 35. Qxd4 exd4 36. d6 Kg7 37. d7 Nxd7 38. Bxd7 d3 39. Rd1 Rd6 40. Bf5 d2 41. Kg2 Rd4 42. Kf3 c4 43. Ke3 Rd5 44. Be4 Rxa5 45. bxc4 f5 46. Bd3 Ra2 47. Rxd2 f4+ 48. gxf4 b3 49. Bb1 Ra3 50. Kd4 Kf6 51. Rb2 a5 52. Bxh7 a4 53. Kc3 Ra1 54. Rb1 Ra2 55. Kb4 Ke7 56. c5 Kd8 57. Bg8 Kc7 58. Bd5 Rd2 59. Bc4 Rd4 60. Kxa4 Rxc4+ 61. Kb5 Rc3 62. Kb4 Rxh3 63. Rxb3 Rh4 64. Rf3 Kc6 65. Kc4 Rh5 66. Kd4 Rxc5 67. Ra3 Rc1 68. Ke5 Kd7 69. Kf6 Rc6+ 70. Kf7 Rc5 71. Rd3+ Kc6 72. Ke6 Rc1 73. f5 Re1+ 74. Kf7 Rf1 75. f6 Rf2 76. Ke7 Re2+ 77. Kf8 Rf2 78. f7 Rf4 79. Rg3 1-0

[Event "Quenza op 12th"]
[Site "Quenza"]
[Date "2023.07.23"]
[Round "4"]
[White "Cahen, Alexis"]
[Black "Van Wely, Loek"]
[Result "0-1"]
[WhiteElo "2049"]
[BlackElo "2644"]
[PlyCount "88"]
[EventDate "2023.07.23"]
[EventType "swiss"]
[EventRounds "9"]
[EventCountry "FRA"]
[SourceTitle "CBM 215 Extra"]
[Source "ChessBase"]
[SourceDate "2023.09.30"]
[SourceVersion "1"]
[SourceVersionDate "2023.09.30"]
[SourceQuality "1"]

1. e4 c5 2. Ne2 d6 3. c4 Nc6 4. Nbc3 g6 5. g3 Bg7 6. Bg2 Bg4 7. h3 Bxe2 8. Nxe2 Nf6 9. Rb1 Rb8 10. a3 b5 11. cxb5 Rxb5 12. Qa4 Qa5 13. Qxa5 Rxa5 14. d3 Nd7 15. Bd2 Rb5 16. b4 cxb4 17. axb4 a5 18. Nc3 Rxb4 19. 0-0 e6 20. Rfc1 Nc5 21. Bf1 Kd7 22. Na2 Rxb1 23. Rxb1 a4 24. Bc3 Bxc3 25. Nxc3 Ra8 26. Be2 Nd4 27. Bd1 a3 28. Ra1 Ndb3 29. Ra2 Nc1 30. Ra1 N1xd3 31. Ba4+ Nxa4 32. Rxa3 Nb6 33. Na4 Rxa4 34. Rxd3 Rxe4 35. Rb3 Nd5 36. Rb7+ Ke8 37. Kg2 h5 38. h4 Rb4 39. Ra7 Rb2 40. Kf3 Nf6 41. Ra8+ Ke7 42. Ra7+ Kf8 43. Ra8+ Kg7 44. Ke3 Ng4+ 0-1

[Event "Caioba Rapid op 7th"]
[Site "Caioba"]
[Date "2023.06.18"]
[Round "11"]
[White "Cahen, Alexis"]
[Black "Quintiliano Pinto, Renato Rodrigues"]
[Result "1/2-1/2"]
[WhiteElo "2049"]
[BlackElo "2509"]
[PlyCount "111"]
[EventDate "2023.06.17"]
[EventType "swiss (rapid)"]
[EventRounds "11"]
[EventCountry "BRA"]
[SourceTitle "CBM 214 Extra"]
[Source "ChessBase"]
[SourceDate "2023.07.31"]
[SourceVersion "1"]
[SourceVersionDate "2023.07.31"]
[SourceQuality "1"]

1. d4 d5 2. Bf4 Nf6 3. e3 e6 4. Nf3 Bd6 5. Bg3 0-0 6. Nbd2 b6 7. c3 Bb7 8. Bd3 Ne4 9. Qc2 f5 10. Bxe4 fxe4 11. Ne5 Nd7 12. 0-0 Bxe5 13. dxe5 Ba6 14. c4 c6 15. b3 Qg5 16. Qc3 Nc5 17. f3 exf3 18. Rxf3 Rxf3 19. gxf3 dxc4 20. Nxc4 Bxc4 21. bxc4 Rd8 22. Re1 Rd3 23. Qc1 Qh5 24. Kg2 Qg5 25. h4 Qd8 26. Re2 h6 27. Be1 Qe8 28. e4 Qf7 29. Re3 Rd7 30. Bg3 Nd3 31. Qc3 Nf4+ 32. Bxf4 Qxf4 33. Rd3 Rxd3 34. Qxd3 Qxe5 35. Qd8+ Kh7 36. Qe8 c5 37. h5 Qg5+ 38. Kf2 a6 39. a4 Qd2+ 40. Kg3 Qg5+ 41. Kf2 Qf6 42. Ke3 e5 43. Ke2 Qd6 44. Qf7 Qf6 45. Qe8 Qg5 46. Qf7 Qf6 47. Qe8 Qd6 48. Qf7 Qb8 49. Ke3 Kh8 50. Ke2 Qg8 51. Qd5 Qe8 52. a5 bxa5 53. Qxc5 a4 54. Qa5 Kh7 55. c5 Qd7 56. Qxa6 1/2-1/2

[Event "Caioba Rapid op 7th"]
[Site "Caioba"]
[Date "2023.06.18"]
[Round "8"]
[White "Sunye Neto, Jaime"]
[Black "Cahen, Alexis"]
[Result "1/2-1/2"]
[WhiteElo "2420"]
[BlackElo "2049"]
[PlyCount "93"]
[EventDate "2023.06.17"]
[EventType "swiss (rapid)"]
[EventRounds "11"]
[EventCountry "BRA"]
[SourceTitle "CBM 214 Extra"]
[Source "ChessBase"]
[SourceDate "2023.07.31"]
[SourceVersion "1"]
[SourceVersionDate "2023.07.31"]
[SourceQuality "1"]

1. c4 c5 2. Nc3 Nc6 3. Nf3 Nf6 4. g3 e5 5. Bg2 Be7 6. 0-0 0-0 7. d3 Rb8 8. Bd2 a6 9. a4 d6 10. h3 Be6 11. e4 Ne8 12. Nd5 f5 13. exf5 Bxf5 14. Qe2 Nf6 15. Bc3 Re8 16. Nd2 Qd7 17. Kh2 Kh8 18. Nxf6 Bxf6 19. Ne4 Bd8 20. a5 Nd4 21. Bxd4 exd4 22. Qd2 b5 23. axb6 Rxb6 24. f4 Be6 25. g4 Rf8 26. f5 Bg8 27. Kh1 Be7 28. Ra2 d5 29. cxd5 Bxd5 30. Ra5 Rfb8 31. Nxc5 Bxc5 32. Rxc5 Bxg2+ 33. Qxg2 Rxb2 34. Qd5 Qxd5+ 35. Rxd5 Rd2 36. Rxd4 Kg8 37. g5 Rbb2 38. Rg4 Rxd3 39. h4 Rbd2 40. Kg1 Rd1 41. Rxd1 Rxd1+ 42. Kf2 Rd5 43. Rf4 Kf7 44. Ke3 h6 45. Kf3 hxg5 46. hxg5 g6 47. fxg6+ 1/2-1/2

[Event "Purtichju op"]
[Site "Purtichju"]
[Date "2022.07.03"]
[Round "2"]
[White "Cahen, Alexis"]
[Black "Venkatesh, Marani Rajendran"]
[Result "0-1"]
[WhiteElo "2141"]
[BlackElo "2479"]
[PlyCount "60"]
[EventDate "2022.07.02"]
[EventType "swiss"]
[EventRounds "9"]
[EventCountry "FRA"]
[SourceTitle "EXT 2023"]
[Source "ChessBase"]
[SourceDate "2022.10.05"]
[SourceVersion "1"]
[SourceVersionDate "2022.10.05"]
[SourceQuality "1"]

1. e4 e5 2. Qh5 Nc6 3. Bc4 g6 4. Qf3 Nf6 5. Ne2 Bg7 6. d3 d6 7. h3 Na5 8. Nbc3 Nxc4 9. dxc4 Be6 10. b3 Nd7 11. g4 c6 12. Ba3 Nc5 13. b4 Nd7 14. Nd5 Nb6 15. Nxb6 axb6 16. b5 Bxc4 17. bxc6 bxc6 18. Qc3 Ra4 19. Rd1 c5 20. Ng3 0-0 21. h4 d5 22. h5 d4 23. Qf3 Qf6 24. Nf5 gxf5 25. exf5 e4 26. Qh3 d3 27. Bc1 dxc2 28. Rd2 Qc3 29. g5 Rd8 30. f6 Rxd2 0-1

[Event "Cappelle Online Blitz op"]
[Site "Europe Echecs INT"]
[Date "2022.01.09"]
[Round "6"]
[White "Cahen, Alexis"]
[Black "Osmak, Iulija"]
[Result "1-0"]
[WhiteElo "2067"]
[BlackElo "2432"]
[PlyCount "89"]
[EventDate "2022.01.09"]
[EventType "swiss (blitz)"]
[EventRounds "11"]
[EventCountry "FRA"]
[SourceTitle "EXT 2023"]
[Source "ChessBase"]
[SourceDate "2022.10.05"]
[SourceVersion "1"]
[SourceVersionDate "2022.10.05"]
[SourceQuality "1"]

1. e4 Nc6 2. Bc4 e6 3. Nc3 Nf6 4. d4 d5 5. exd5 exd5 6. Bb3 Bb4 7. Nge2 0-0 8. 0-0 h6 9. Nf4 Ne7 10. Qf3 c6 11. h3 Nf5 12. Be3 Bxc3 13. bxc3 Nd6 14. Nd3 Bf5 15. Bf4 Nfe4 16. Nc5 Bg6 17. Nxe4 Bxe4 18. Qg3 Nf5 19. Qg4 g6 20. f3 h5 21. Qg5 Qxg5 22. Bxg5 Ng3 23. fxe4 Nxf1 24. Rxf1 a5 25. a4 Kg7 26. Bf6+ Kh7 27. exd5 cxd5 28. Bxd5 Rac8 29. c4 Rc7 30. Be5 Rd7 31. Rf6 Rc8 32. Bxf7 Rcc7 33. Bxg6+ Kh6 34. Bf5+ Kg5 35. Bxd7 Rxd7 36. Rd6 Rf7 37. Kh2 h4 38. d5 Rf5 39. Bd4 Rf1 40. c5 Rd1 41. c3 Kf5 42. c6 bxc6 43. dxc6 Re1 44. c7 Re8 45. Rd8 1-0

[Event "Cappelle Online Blitz op"]
[Site "Europe Echecs INT"]
[Date "2022.01.09"]
[Round "7"]
[White "Di Nicolantonio, Lucas"]
[Black "Cahen, Alexis"]
[Result "0-1"]
[WhiteElo "2416"]
[BlackElo "2067"]
[PlyCount "116"]
[EventDate "2022.01.09"]
[EventType "swiss (blitz)"]
[EventRounds "11"]
[EventCountry "FRA"]
[SourceTitle "EXT 2023"]
[Source "ChessBase"]
[SourceDate "2022.10.05"]
[SourceVersion "1"]
[SourceVersionDate "2022.10.05"]
[SourceQuality "1"]

1. Nf3 g6 2. e4 c5 3. h4 h6 4. d4 cxd4 5. h5 g5 6. Nxd4 Bg7 7. Nc3 Nc6 8. Be3 Nf6 9. Nf5 0-0 10. Qf3 d5 11. Nxg7 dxe4 12. Nxe4 Nxe4 13. Qxe4 Kxg7 14. Bd2 f5 15. Qc4 e5 16. 0-0-0 Qf6 17. Bc3 Be6 18. Qa4 a6 19. Rd6 Rad8 20. Rxd8 Rxd8 21. Be2 Bd5 22. Rd1 Qe6 23. g3 Kf7 24. Re1 Qd6 25. f4 e4 26. Rd1 gxf4 27. Bc4 Ne7 28. Bb4 Qe5 29. Bxe7 Kxe7 30. Qb4+ Kf6 31. Qb6+ Rd6 32. Qc5 Ke6 33. gxf4 Qxf4+ 34. Kb1 Qe5 35. a3 Bxc4 36. Qxc4+ Kf6 37. Rg1 Qd4 38. Rg6+ Ke5 39. Qc7 Qd1+ 40. Ka2 Qd5+ 41. c4 Qd4 42. Qe7+ Kf4 43. Qxd6+ Qxd6 44. Rxd6 e3 45. Re6 Kf3 46. Kb1 f4 47. Kc1 Ke2 48. c5 f3 49. Rxh6 f2 50. Rf6 f1Q+ 51. Rxf1 Kxf1 52. h6 e2 53. h7 e1Q+ 54. Kc2 Qh4 55. Kb3 Qxh7 56. Ka4 Qc7 57. b4 Qc6+ 58. Kb3 Ke2 0-1

[Event "Europe Echecs Blitz Sept op"]
[Site "Europe Echecs INT"]
[Date "2021.09.19"]
[Round "9"]
[White "Cahen, Alexis"]
[Black "Jannur, Kupjasar"]
[Result "1-0"]
[WhiteElo "2114"]
[BlackElo "1517"]
[PlyCount "136"]
[EventDate "2021.09.19"]
[EventType "swiss (blitz)"]
[EventRounds "11"]
[EventCountry "FRA"]
[SourceTitle "CBM 204 Extra"]
[Source "ChessBase"]
[SourceDate "2021.11.30"]
[SourceVersion "1"]
[SourceVersionDate "2021.11.30"]
[SourceQuality "1"]

1. d4 d5 2. Bf4 e6 3. Nf3 Bd6 4. Ne5 Nf6 5. e3 c5 6. Nd2 Nc6 7. Ndf3 Qe7 8. c3 c4 9. b3 Ne4 10. Nxc6 bxc6 11. Bxd6 Qxd6 12. Qc2 cxb3 13. axb3 0-0 14. Bd3 Nf6 15. 0-0 a5 16. c4 dxc4 17. bxc4 c5 18. Rfd1 cxd4 19. exd4 Bb7 20. Ne5 g6 21. Qc3 a4 22. f3 Rfd8 23. Be2 Nh5 24. c5 Qc7 25. Bb5 Nf4 26. Kh1 f6 27. Nc4 Nd5 28. Qe1 Ba6 29. Qxe6+ Kg7 30. Bxa6 Nf4 31. Qb6 Qxb6 32. Nxb6 Rxa6 33. Rxa4 Rxa4 34. Nxa4 Nd5 35. Nb2 Nc3 36. Rd3 Ne2 37. d5 Nf4 38. Rd2 Rxd5 39. Rxd5 Nxd5 40. Kg1 Kf7 41. Kf2 Ke6 42. Nd3 Kd7 43. f4 Kc6 44. Kf3 Ne7 45. Ke4 Nf5 46. g4 Ne7 47. Kd4 Nd5 48. h4 Nc7 49. Kc4 Ne6 50. Nb4+ Kc7 51. f5 Nf4 52. Nd5+ Nxd5 53. Kxd5 gxf5 54. gxf5 h5 55. Ke6 Kc6 56. Kxf6 Kxc5 57. Kg5 Kd6 58. Kxh5 Ke7 59. Kg6 Kf8 60. h5 Kg8 61. h6 Kh8 62. Kf7 Kh7 63. f6 Kh8 64. Ke8 Kg8 65. f7+ Kh7 66. f8Q Kg6 67. h7 Kh5 68. h8Q+ Kg4 1-0

[Event "Europe Echecs Blitz Sept op"]
[Site "Europe Echecs INT"]
[Date "2021.09.19"]
[Round "8"]
[White "Mammadova, Gulnar Marfat Qizi"]
[Black "Cahen, Alexis"]
[Result "1-0"]
[WhiteElo "2395"]
[BlackElo "2114"]
[PlyCount "123"]
[EventDate "2021.09.19"]
[EventType "swiss (blitz)"]
[EventRounds "11"]
[EventCountry "FRA"]
[SourceTitle "CBM 204 Extra"]
[Source "ChessBase"]
[SourceDate "2021.11.30"]
[SourceVersion "1"]
[SourceVersionDate "2021.11.30"]
[SourceQuality "1"]

1. e4 c5 2. c3 d5 3. exd5 Qxd5 4. d4 Nf6 5. Nf3 e6 6. Na3 Nc6 7. Nb5 Qd8 8. Bg5 cxd4 9. Bxf6 gxf6 10. Nfxd4 Nxd4 11. Nxd4 e5 12. Nb5 Bc5 13. b4 Qxd1+ 14. Rxd1 Bb6 15. Nd6+ Ke7 16. Bb5 Rd8 17. Nc4 Rxd1+ 18. Kxd1 Bxf2 19. Ke2 a6 20. Ba4 Ba7 21. h3 b5 22. Bb3 bxc4 23. Bxc4 Be6 24. Bd3 f5 25. a4 e4 26. Bxa6 Bd4 27. Bb7 Rb8 28. cxd4 Rxb7 29. b5 Bb3 30. Ra1 Ra7 31. b6 Rb7 32. a5 Bc4+ 33. Ke3 Ba6 34. Kf4 Ke6 35. Rc1 Rd7 36. Ke3 f6 37. Rc6+ Rd6 38. Rc7 Rd7 39. Rc1 f4+ 40. Kxe4 f5+ 41. Kxf4 Rxd4+ 42. Kg5 Ra4 43. Rc5 Bb7 44. g3 Bd5 45. Rb5 Kd6 46. b7 Bxb7 47. Rxb7 Rxa5 48. Rxh7 Ke5 49. Re7+ Kd4 50. Kf4 Kd3 51. h4 Ra4+ 52. Kxf5 Ra5+ 53. Re5 Ra8 54. h5 Rf8+ 55. Kg4 Rg8+ 56. Rg5 Rh8 57. Rg7 Ke4 58. Kg5 Ke5 59. h6 Ke6 60. h7 Kd6 61. Kg6 Ke6 62. Rg8 1-0

[Event "Asnieres sur Seine Trophy"]
[Site "Asnieres sur Seine"]
[Date "2021.09.11"]
[Round "2"]
[White "Cahen, Alexis"]
[Black "Bacrot, Etienne"]
[Result "0-1"]
[WhiteElo "2114"]
[BlackElo "2658"]
[PlyCount "74"]
[EventDate "2021.09.11"]
[EventType "swiss (rapid)"]
[EventRounds "11"]
[EventCountry "FRA"]
[SourceTitle "CBM 204 Extra"]
[Source "ChessBase"]
[SourceDate "2021.11.30"]
[SourceVersion "1"]
[SourceVersionDate "2021.11.30"]
[SourceQuality "1"]

1. e4 c5 2. Ne2 Nc6 3. c4 e5 4. Nbc3 d6 5. Nd5 Nge7 6. d3 Nxd5 7. cxd5 Nb8 8. Nc3 g6 9. Be2 Bg7 10. 0-0 Nd7 11. f4 exf4 12. Bxf4 Ne5 13. Kh1 0-0 14. d4 cxd4 15. Qxd4 Bd7 16. Rac1 Qa5 17. Qd2 a6 18. b4 Qd8 19. Be3 Rc8 20. Nd1 Rxc1 21. Qxc1 Ng4 22. Bxg4 Bxg4 23. Nf2 Bd7 24. Bh6 Bxh6 25. Qxh6 Qf6 26. Qd2 Rc8 27. Kg1 Qc3 28. Rd1 Qxd2 29. Rxd2 Rc1+ 30. Rd1 Rc4 31. a3 Kg7 32. Kf1 Rc3 33. Ra1 Bb5+ 34. Kg1 Ba4 35. h3 h5 36. Kh2 Kf6 37. g3 Ke5 0-1

[Event "FIDE World Uni Blitz-D 1st"]
[Site "Tornelo INT"]
[Date "2021.03.13"]
[Round "1.21"]
[White "Cahen, Alexis"]
[Black "Leon Badillo, Antonia"]
[Result "1-0"]
[WhiteElo "2140"]
[BlackElo "1320"]
[PlyCount "27"]
[EventDate "2021.03.13"]
[EventType "swiss (blitz)"]
[EventRounds "10"]
[EventCountry "NET"]
[SourceTitle "EXT 2022"]
[Source "ChessBase"]
[SourceDate "2021.10.06"]
[SourceVersion "1"]
[SourceVersionDate "2021.10.06"]
[SourceQuality "1"]

1. d4 d5 2. Bf4 Nf6 3. e3 Bf5 4. c4 c6 5. Qb3 Qd7 6. Nc3 e6 7. Nf3 Bd6 8. Ne5 Bxe5 9. Bxe5 0-0 10. Be2 Qe7 11. 0-0 Re8 12. a4 b6 13. a5 Nbd7 14. Bg3 1-0

[Event "FIDE World Uni Blitz-D 1st"]
[Site "Tornelo INT"]
[Date "2021.03.13"]
[Round "8.19"]
[White "Cahen, Alexis"]
[Black "Saurabh, Sharma"]
[Result "0-1"]
[WhiteElo "2140"]
[BlackElo "1381"]
[PlyCount "124"]
[EventDate "2021.03.13"]
[EventType "swiss (blitz)"]
[EventRounds "10"]
[EventCountry "NET"]
[SourceTitle "EXT 2022"]
[Source "ChessBase"]
[SourceDate "2021.10.06"]
[SourceVersion "1"]
[SourceVersionDate "2021.10.06"]
[SourceQuality "1"]

1. d4 Nf6 2. Nf3 d5 3. Bf4 e6 4. e3 c5 5. c3 Nc6 6. Nbd2 Bd6 7. Ne5 Qc7 8. Ndf3 cxd4 9. exd4 Ne4 10. Bd3 f6 11. Nxc6 Bxf4 12. Nb4 Nxc3 13. Qc2 a5 14. Qxc3 Qxc3+ 15. bxc3 axb4 16. cxb4 Bd7 17. b5 Ra3 18. Ke2 e5 19. dxe5 fxe5 20. g3 e4 21. gxf4 Bg4 22. Bc2 Bxf3+ 23. Kd2 Bxh1 24. Rxh1 Rxa2 25. Rc1 Kd7 26. f3 Rc8 27. fxe4 dxe4 28. Kd1 Raxc2 29. Rxc2 Rxc2 30. Kxc2 Kd6 31. Kd2 Kd5 32. Ke3 b6 33. h4 g6 34. h5 gxh5 35. f5 Ke5 36. f6 Kxf6 37. Kxe4 h4 38. Kf4 h5 39. Ke4 h3 40. Kf3 Kg5 41. Kg3 h2 42. Kxh2 Kg4 43. Kg2 h4 44. Kh2 Kf4 45. Kh3 Ke4 46. Kxh4 Kd4 47. Kg3 Kc4 48. Kf3 Kxb5 49. Ke2 Kc4 50. Kd1 Kb3 51. Kc1 b5 52. Kb1 Ka3 53. Ka1 Kb3 54. Kb1 Kc3 55. Kc1 b4 56. Kb1 Kb3 57. Ka1 Kc2 58. Ka2 b3+ 59. Ka3 b2 60. Ka4 b1Q 61. Ka5 Kc3 62. Ka4 Qb4# 0-1

[Event "FIDE World Uni Blitz-D 1st"]
[Site "Tornelo INT"]
[Date "2021.03.13"]
[Round "9.26"]
[White "Rutvik, Moharil"]
[Black "Cahen, Alexis"]
[Result "1-0"]
[WhiteElo "1610"]
[BlackElo "2140"]
[PlyCount "33"]
[EventDate "2021.03.13"]
[EventType "swiss (blitz)"]
[EventRounds "10"]
[EventCountry "NET"]
[SourceTitle "EXT 2022"]
[Source "ChessBase"]
[SourceDate "2021.10.06"]
[SourceVersion "1"]
[SourceVersionDate "2021.10.06"]
[SourceQuality "1"]

1. e4 c5 2. Nf3 d6 3. d4 cxd4 4. Nxd4 Nf6 5. Nc3 g6 6. Be3 Bg7 7. f3 0-0 8. Qd2 Nc6 9. h4 Nxd4 10. Bxd4 Be6 11. h5 Qa5 12. hxg6 hxg6 13. g4 Rfc8 14. Qh2 Nxg4 15. Qh7+ Kf8 16. Qh8+ Bxh8 17. Rxh8# 1-0

[Event "Cappelle Online Bullet op"]
[Site "Europe Echecs INT"]
[Date "2021.03.05"]
[Round "12"]
[White "Cahen, Alexis"]
[Black "Gandreuil, Brice"]
[Result "1-0"]
[WhiteElo "2140"]
[BlackElo "1488"]
[PlyCount "109"]
[EventDate "2021.03.05"]
[EventType "swiss (blitz)"]
[EventRounds "15"]
[EventCountry "FRA"]
[SourceTitle "EXT 2022"]
[Source "ChessBase"]
[SourceDate "2021.10.06"]
[SourceVersion "1"]
[SourceVersionDate "2021.10.06"]
[SourceQuality "1"]

1. e4 e6 2. Qe2 d5 3. exd5 Qxd5 4. Nc3 Qd8 5. Nf3 Nf6 6. d4 Be7 7. Be3 0-0 8. Qd2 Bd7 9. 0-0-0 Nc6 10. Bd3 a6 11. h4 b6 12. g4 b5 13. g5 Nd5 14. Nxd5 exd5 15. c3 Bg4 16. Be2 b4 17. Rdg1 bxc3 18. Qxc3 Bb4 19. Qc2 Bh5 20. Rg3 Na5 21. Bd3 c5 22. Bxh7+ Kh8 23. g6 cxd4 24. Bxd4 Rc8 25. Bc3 Bxc3 26. bxc3 d4 27. Nxd4 Nc4 28. Rg5 Na3 29. Qb2 Nb5 30. Rxh5 Nxd4 31. gxf7 Rxf7 32. Bg6+ Kg8 33. Bxf7+ Kxf7 34. Kb1 Ne6 35. Rc1 Qd3+ 36. Ka1 Rb8 37. Qxb8 Qd2 38. Rb1 Qxc3+ 39. Qb2 Qc5 40. Rf5+ Ke7 41. Rxc5 Nxc5 42. Qb3 Nxb3+ 43. Rxb3 Ke6 44. Ra3 Ke7 45. Rxa6 Kd7 46. Ra7+ Kd6 47. Rxg7 Kd5 48. Rg6 Kc4 49. h5 Kc3 50. h6 Kc2 51. h7 Kc1 52. h8Q Kc2 53. Qg8 Kd1 54. Qf8 Kd2 55. Qe8 1-0

[Event "Cappelle Online Bullet op"]
[Site "Europe Echecs INT"]
[Date "2021.03.05"]
[Round "7"]
[White "Fischler, Oscar"]
[Black "Cahen, Alexis"]
[Result "1-0"]
[WhiteElo "1866"]
[BlackElo "2140"]
[PlyCount "63"]
[EventDate "2021.03.05"]
[EventType "swiss (blitz)"]
[EventRounds "15"]
[EventCountry "FRA"]
[SourceTitle "EXT 2022"]
[Source "ChessBase"]
[SourceDate "2021.10.06"]
[SourceVersion "1"]
[SourceVersionDate "2021.10.06"]
[SourceQuality "1"]

1. Nf3 c5 2. d4 cxd4 3. Nxd4 g6 4. g3 Bg7 5. Bg2 Nc6 6. Nxc6 bxc6 7. 0-0 d5 8. c4 e6 9. cxd5 cxd5 10. Nc3 Ne7 11. e4 d4 12. Ne2 0-0 13. Qd3 a5 14. Rd1 Ba6 15. Qd2 Nc6 16. e5 Rc8 17. Bxc6 Rxc6 18. Nxd4 Rc4 19. Qe3 Qd5 20. b3 Rc7 21. Ba3 Rd8 22. Bd6 Rcd7 23. Nf3 Qc6 24. Rac1 Qa8 25. Nd4 Bb7 26. f3 Be4 27. Qxe4 Qa6 28. Nc6 Rc8 29. Ne7+ Rxe7 30. Rxc8+ Qxc8 31. Bxe7 a4 32. Rd8+ 1-0